[Event "Kandidatklassen 2012"]
[Site "Helsingor"]
[Date "2012.04.06"]
[Round "4"]
[White "Hansen, Martin Strandby"]
[Black "Olsen, Peter Erik"]
[Result "1/2-1/2"]
[WhiteElo "2125"]
[BlackElo "2212"]
[PlyCount "52"]
[EventDate "2012.??.??"]
[EventCountry "DEN"]
[SourceDate "2014.05.18"]

1. d4 Nf6 2. c3 g6 3. Bf4 Bg7 4. e3 O-O 5. Nd2 d6 6. h3 c5 7. Ngf3 b6 8. Be2
Bb7 9. O-O Nbd7 10. Bh2 a6 11. a4 Rc8 12. Re1 Rc7 13. Qb3 Qa8 14. Bc4 Rcc8 15.
Ng5 Bd5 16. Bxd5 Qxd5 17. Qxd5 Nxd5 18. e4 Nc7 19. Nb3 Ne6 20. Nxe6 fxe6 21.
Rac1 Rc7 22. dxc5 Nxc5 23. Nxc5 Rxc5 24. f3 Bh6 25. Ra1 Rb8 26. Kf1 Rc7 1/2-1/2

[Event "Kandidatklassen 2012"]
[Site "Helsingor"]
[Date "2012.04.06"]
[Round "4"]
[White "Sorensen, Torben Kyhl"]
[Black "Schou Moldt, Thomas"]
[Result "0-1"]
[WhiteElo "2190"]
[BlackElo "2190"]
[PlyCount "120"]
[EventDate "2012.??.??"]
[EventCountry "DEN"]
[SourceDate "2014.05.18"]

1. e4 d6 2. d4 g6 3. Nf3 Nf6 4. Nc3 Bg7 5. Bg5 h6 6. Be3 c6 7. h3 b5 8. a3 g5
9. e5 Nfd7 10. e6 fxe6 11. Bd3 Nf6 12. h4 g4 13. Nh2 Qa5 14. b4 Qc7 15. Nxg4
Nbd7 16. Bg6+ Kd8 17. Bf7 Nb6 18. Nxf6 exf6 19. Qh5 Rf8 20. Bg6 Nc4 21. O-O
Nxe3 22. fxe3 f5 23. g4 Qe7 24. Ne2 Kc7 25. e4 Bd7 26. gxf5 exf5 27. exf5 a5
28. bxa5 Rxa5 29. c3 Qe3+ 30. Rf2 b4 31. Qf3 Qxf3 32. Rxf3 bxc3 33. Rxc3 Ra4
34. Rd1 Bxf5 35. Bxf5 Rxf5 36. Rdc1 Bxd4+ 37. Nxd4 Rxd4 38. Rxc6+ Kd7 39. Rc7+
Ke6 40. Re1+ Kf6 41. Re2 Rxh4 42. Rf2 Rh1+ 43. Kg2 Rh2+ 44. Kxh2 Rxf2+ 45. Kg3
Rf5 46. Ra7 d5 47. Ra6+ Ke5 48. Rxh6 d4 49. Rh8 d3 50. Kg4 Rf6 51. Rd8 Ke4 52.
Re8+ Kd4 53. Rd8+ Kc3 54. Rc8+ Kb3 55. Rd8 Kc2 56. Rc8+ Kd1 57. Kg3 d2 58. a4
Rf1 59. Kg2 Rf4 60. a5 Ke2 0-1

[Event "Kandidatklassen 2012"]
[Site "Helsingor"]
[Date "2012.04.07"]
[Round "5"]
[White "Ochsner, Bjorn Moller"]
[Black "Akdag, Dara Sevkan"]
[Result "0-1"]
[WhiteElo "2266"]
[BlackElo "2207"]
[PlyCount "64"]
[EventDate "2012.??.??"]
[EventCountry "DEN"]
[SourceDate "2014.05.18"]

1. e4 c5 2. Nf3 d6 3. d4 cxd4 4. Nxd4 Nf6 5. Nc3 g6 6. Be3 Bg7 7. f3 a6 8. Qd2
Nbd7 9. g4 h6 10. O-O-O b5 11. h4 Ne5 12. Be2 b4 13. Nd5 Nxd5 14. exd5 Qc7 15.
Qxb4 Bd7 16. Nb3 O-O 17. Bd4 Rfc8 18. Qd2 a5 19. Kb1 a4 20. Nc1 Rab8 21. Rde1
Qb7 22. b3 Qxd5 23. Rd1 Qc6 24. Rhg1 axb3 25. axb3 Qc7 26. f4 Nf3 27. Bxf3 Bxd4
28. Ne2 Bg7 29. Rg3 Qa7 30. Nd4 Rc4 31. c3 Bxd4 32. Bd5 Rxb3+ 0-1

[Event "Kandidatklassen 2012"]
[Site "Helsingor"]
[Date "2012.04.07"]
[Round "5"]
[White "Mikkelsen, Nikolaj"]
[Black "Petersen, Tom Petri"]
[Result "1-0"]
[WhiteElo "2384"]
[BlackElo "2323"]
[PlyCount "55"]
[EventDate "2012.??.??"]
[EventCountry "DEN"]
[SourceDate "2014.05.18"]

1. e4 g6 2. d4 Bg7 3. Nc3 Nc6 4. Nf3 d6 5. Be3 e5 6. dxe5 Nxe5 7. Nxe5 Bxe5 8.
Qd2 Bg7 9. O-O-O Be6 10. Kb1 Nf6 11. Be2 Ng4 12. Bxg4 Bxg4 13. Bd4 O-O 14. Bxg7
Kxg7 15. Qd4+ f6 16. Rd3 Be6 17. f4 Qe7 18. h4 h6 19. f5 Bf7 20. fxg6 Kxg6 21.
Rg3+ Kh7 22. Qd3 Qe5 23. Rf3 c6 24. Rhf1 Be6 25. Nd5 f5 26. Nc3 fxe4 27. Nxe4
Kg7 28. Nf6 1-0

[Event "Kandidatklassen 2012"]
[Site "Helsingor"]
[Date "2012.04.07"]
[Round "5"]
[White "Hansen, Mads"]
[Black "Matthiesen, Arne"]
[Result "1/2-1/2"]
[WhiteElo "2273"]
[BlackElo "2333"]
[PlyCount "65"]
[EventDate "2012.??.??"]
[EventCountry "DEN"]
[SourceDate "2014.05.18"]

1. e4 e6 2. d4 d5 3. Nc3 Nf6 4. e5 Nfd7 5. f4 c5 6. Nf3 Nc6 7. Be3 Be7 8. Qd2
O-O 9. Be2 a6 10. O-O b5 11. a3 Bb7 12. Rad1 Qc7 13. Qe1 f6 14. exf6 Rxf6 15.
Qf2 cxd4 16. Nxd4 Nxd4 17. Rxd4 Raf8 18. g3 Ne5 19. Rfd1 Nc6 20. R4d3 b4 21.
Bb6 Qc8 22. Na4 Ne5 23. Re3 Nd7 24. Bd4 Qxc2 25. b3 e5 26. Bg4 Qxf2+ 27. Kxf2
Bc8 28. Bxd7 Bxd7 29. Rxe5 Re6 30. Rxe6 Bxe6 31. Bc5 Bg4 32. Ra1 Re8 33. axb4
1/2-1/2

[Event "Kandidatklassen 2012"]
[Site "Helsingor"]
[Date "2012.04.07"]
[Round "5"]
[White "Jensen, Bjarke"]
[Black "Matthiesen, Martin"]
[Result "0-1"]
[WhiteElo "2285"]
[BlackElo "2291"]
[PlyCount "64"]
[EventDate "2012.??.??"]
[EventCountry "DEN"]
[SourceDate "2014.05.18"]

1. e4 c5 2. Nf3 d6 3. d4 cxd4 4. Nxd4 Nf6 5. Nc3 a6 6. Be3 e5 7. Nb3 Be6 8. f3
Be7 9. Qd2 O-O 10. g4 d5 11. g5 d4 12. gxf6 Bxf6 13. Bf2 Bg5 14. Qd3 dxc3 15.
Qxc3 Nc6 16. Bd3 Rc8 17. Ke2 Nd4+ 18. Bxd4 Rxc3 19. Bxc3 Qb6 20. Bd2 Bxd2 21.
Nxd2 Qxb2 22. Rab1 Qxa2 23. Rxb7 Ra8 24. Nb3 Qa3 25. Ra1 Qd6 26. Ra5 h5 27. Nc5
Bc8 28. Rb1 Qg6 29. Kf2 Bh3 30. Rb7 Qg2+ 31. Ke3 Qg1+ 32. Kd2 Qf2+ 0-1

[Event "Kandidatklassen 2012"]
[Site "Helsingor"]
[Date "2012.04.07"]
[Round "5"]
[White "Palm, Nikolaj"]
[Black "Christensen, Stefan"]
[Result "1/2-1/2"]
[WhiteElo "2287"]
[BlackElo "2286"]
[PlyCount "110"]
[EventDate "2012.??.??"]
[EventCountry "DEN"]
[SourceDate "2014.05.18"]

1. d4 Nf6 2. Nf3 g6 3. e3 Bg7 4. b3 c5 5. Bb2 cxd4 6. exd4 O-O 7. Bd3 d5 8. O-O
Nc6 9. Re1 Nb4 10. Bf1 Bf5 11. Na3 Rc8 12. c3 Nc6 13. Nc2 Bxc2 14. Qxc2 Ne4 15.
Qe2 Re8 16. c4 e6 17. g3 Qa5 18. Ne5 Nd6 19. Nxc6 bxc6 20. c5 Nf5 21. Qd3 Rb8
22. Bc3 Qc7 23. f4 a5 24. Re2 Ra8 25. Rd1 Reb8 26. g4 Ne7 27. Qf3 a4 28. b4 a3
29. Bh3 Kh8 30. Kh1 Ng8 31. Bg2 Nf6 32. Qg3 Qb7 33. h3 Qb5 34. Qd3 Qxd3 35.
Rxd3 Ne8 36. Re1 Nc7 37. Rb1 Ra4 38. Rb3 Na6 39. Rd1 Nc7 40. Bf1 Nb5 41. Ba1
Kg8 42. Kg2 Nc7 43. Bc3 Kf8 44. Kf3 Ke7 45. Ke3 Kd7 46. Be2 Bh6 47. h4 Bg7 48.
Rh1 h6 49. Bd3 Ke7 50. Rhb1 Nb5 51. Ba1 Kd7 52. Bc2 Raa8 53. Bd3 Ra4 54. Rf1
Nc7 55. Bc3 Nb5 1/2-1/2

[Event "Kandidatklassen 2012"]
[Site "Helsingor"]
[Date "2012.04.07"]
[Round "5"]
[White "Nilssen, John Arni"]
[Black "Molvig, Henrik"]
[Result "1/2-1/2"]
[WhiteElo "2378"]
[BlackElo "2186"]
[PlyCount "122"]
[EventDate "2012.??.??"]
[EventCountry "DEN"]
[SourceDate "2014.05.18"]

1. d4 Nf6 2. c4 g6 3. Nc3 Bg7 4. e4 d6 5. f3 O-O 6. Bg5 c5 7. d5 e5 8. Qd2 a6
9. a4 Nbd7 10. Bd3 h6 11. Be3 Nh7 12. g4 h5 13. Kd1 Ndf6 14. h3 h4 15. f4 exf4
16. Bxf4 Qe7 17. Qh2 Ne8 18. Nf3 g5 19. Bd2 Be5 20. Nxe5 dxe5 21. a5 Bd7 22.
Be3 Rc8 23. Qf2 f6 24. Ra3 Rf7 25. Rb3 Nf8 26. Bc2 Ng6 27. Rxb7 Bxg4+ 28. hxg4
Qxb7 29. Na4 Nf4 30. Nb6 Rd8 31. Bxc5 Nd6 32. Bxd6 Rxd6 33. c5 Rd8 34. Kc1 Kg7
35. Kb1 Rff8 36. Rh2 Rh8 37. b4 h3 38. Qf3 Rh4 39. Bb3 Kh8 40. Bc4 Qh7 41. d6
Qb7 42. Be2 Kg7 43. Qe3 Ng2 44. Qd3 Nf4 45. Qc2 Qc6 46. Bd1 Ne6 47. Qd3 Nd4 48.
Kb2 Qb7 49. d7 Rxd7 50. Nxd7 Qxd7 51. Qc4 Qb7 52. c6 Nxc6 53. Bb3 Rh8 54. Qe6
Nd4 55. Qd5 Qc7 56. Rxh3 Rxh3 57. Qg8+ Kh6 58. Qh8+ Qh7 59. Qxf6+ Qg6 60. Qh8+
Qh7 61. Qf6+ Qg6 1/2-1/2

[Event "Kandidatklassen 2012"]
[Site "Helsingor"]
[Date "2012.04.07"]
[Round "5"]
[White "Thuesen, Mogens Henrik"]
[Black "Aabling Thomsen, Jakob"]
[Result "0-1"]
[WhiteElo "2186"]
[BlackElo "2312"]
[PlyCount "62"]
[EventDate "2012.??.??"]
[EventCountry "DEN"]
[SourceDate "2014.05.18"]

1. d4 g6 2. e4 d6 3. c4 Bg7 4. Nc3 e5 5. Nf3 Nc6 6. d5 Nce7 7. b4 h6 8. Be2 f5
9. Nd2 Nf6 10. a4 O-O 11. a5 g5 12. Qc2 Kh8 13. Bb2 c6 14. O-O f4 15. Rfd1 cxd5
16. Nxd5 Nexd5 17. cxd5 g4 18. Bf1 g3 19. hxg3 fxg3 20. fxg3 Nh5 21. Be2 Nxg3
22. Nf1 Nxe2+ 23. Qxe2 Qh4 24. Rd3 Bg4 25. Qe1 Qh5 26. Ng3 Qg6 27. Bc1 h5 28.
Nf1 Rac8 29. Nd2 Rc2 30. Ba3 Bf3 31. g3 Qg4 0-1

[Event "Kandidatklassen 2012"]
[Site "Helsingor"]
[Date "2012.04.07"]
[Round "5"]
[White "Jepsen, Thomas Tange"]
[Black "Hartvig, Ove Weiss"]
[Result "1/2-1/2"]
[WhiteElo "2093"]
[BlackElo "2215"]
[PlyCount "28"]
[EventDate "2012.??.??"]
[EventCountry "DEN"]
[SourceDate "2014.05.18"]

1. d4 Nf6 2. c4 g6 3. Nc3 d5 4. Nf3 Bg7 5. Bf4 c5 6. e3 cxd4 7. Nxd4 O-O 8. Be2
Ne4 9. Nxe4 dxe4 10. Bg3 Qa5+ 11. Qd2 Qxd2+ 12. Kxd2 Rd8 13. Bxb8 Rxb8 14. Kc3
Bd7 1/2-1/2

[Event "Kandidatklassen 2012"]
[Site "Helsingor"]
[Date "2012.04.07"]
[Round "5"]
[White "Andersen, Morten"]
[Black "Jorgensen, Michael Brunsgaard"]
[Result "1/2-1/2"]
[WhiteElo "2135"]
[BlackElo "2294"]
[PlyCount "86"]
[EventDate "2012.??.??"]
[EventCountry "DEN"]
[SourceDate "2014.05.18"]

1. d4 f5 2. g3 Nf6 3. Bg2 g6 4. b3 Bg7 5. Bb2 d6 6. Nd2 O-O 7. e4 fxe4 8. Nxe4
Nxe4 9. Bxe4 Nc6 10. h4 d5 11. Bg2 Qd6 12. Nh3 Bf5 13. O-O Rad8 14. Nf4 Be4 15.
f3 Bf5 16. a4 Rf7 17. c3 e5 18. Ba3 Qd7 19. dxe5 Bxe5 20. Ne2 Bh3 21. Bc5 b6
22. Be3 Bxg2 23. Kxg2 Bg7 24. Ra2 Re8 25. Bf4 Ne7 26. Rd2 c6 27. c4 Nf5 28.
cxd5 cxd5 29. Rf2 d4 30. g4 Nxh4+ 31. Kg3 g5 32. Bxg5 Nxf3 33. Rxf3 Rxf3+ 34.
Kxf3 Qd5+ 35. Kf2 Qxg5 36. Nxd4 h5 37. gxh5 Be5 38. Nf3 Qg3+ 39. Kf1 Qh3+ 40.
Rg2+ Kh8 41. Qe2 Qf5 42. Rg5 Qh3+ 43. Rg2 Qh1+ 1/2-1/2

[Event "Kandidatklassen 2012"]
[Site "Helsingor"]
[Date "2012.04.07"]
[Round "5"]
[White "Schou Moldt, Thomas"]
[Black "Haubro, Martin"]
[Result "1-0"]
[WhiteElo "2190"]
[BlackElo "2042"]
[PlyCount "129"]
[EventDate "2012.??.??"]
[EventCountry "DEN"]
[SourceDate "2014.05.18"]

1. e4 c6 2. d3 d5 3. Nd2 g6 4. g3 Bg7 5. Bg2 Nf6 6. Ngf3 Bg4 7. O-O O-O 8. Re1
e6 9. Qe2 c5 10. h3 Bxf3 11. Nxf3 Nc6 12. c3 Re8 13. e5 Nd7 14. Bf4 b5 15. d4
c4 16. h4 b4 17. Bh3 bxc3 18. bxc3 Qa5 19. Qd2 Rab8 20. h5 Rb6 21. hxg6 hxg6
22. Ng5 Nf8 23. Rab1 Reb8 24. Rxb6 Rxb6 25. Kg2 Qa3 26. Re2 a5 27. Qc2 Qe7 28.
Nf3 Qb7 29. Bc1 Na7 30. Nh2 Nb5 31. Ng4 Nh7 32. Nh6+ Kf8 33. Qa4 Qa6 34. Rb2
Ke8 35. Rb1 Nf8 36. Ng4 Nd7 37. Qc2 Qa7 38. Kh2 Qb8 39. Ra1 Bf8 40. Kg2 Be7 41.
Nh6 Bf8 42. Qd2 Qc7 43. Qf4 Nxe5 44. dxe5 Nxc3 45. Be3 Rb7 46. Ng8 Qc6 47. Nf6+
Kd8 48. Kh2 Kc8 49. Qd4 Na4 50. Qh4 Bc5 51. Qh8+ Kc7 52. Ne8+ Kd7 53. Bxc5 Qxc5
54. Nd6 Rb2 55. Qe8+ Kc7 56. Qxf7+ Kb8 57. Qf8+ Ka7 58. Qe7+ Ka6 59. Rf1 c3 60.
Qxe6 Nb6 61. Qf7 Qc6 62. Rc1 Na4 63. Bd7 Qc5 64. Bc8+ Kb6 65. Qb7# 1-0

[Event "Kandidatklassen 2012"]
[Site "Helsingor"]
[Date "2012.04.07"]
[Round "5"]
[White "Christensen, Janus"]
[Black "Stojanovski, Sandi"]
[Result "0-1"]
[WhiteElo "2174"]
[BlackElo "2174"]
[PlyCount "76"]
[EventDate "2012.??.??"]
[EventCountry "DEN"]
[SourceDate "2014.05.18"]

1. e4 Nf6 2. e5 Nd5 3. c4 Nb6 4. d4 d6 5. f4 dxe5 6. fxe5 Nc6 7. Be3 Bf5 8. Nc3
e6 9. Nf3 Bg4 10. Qd2 Bb4 11. Be2 Na5 12. c5 Nbc4 13. Qc1 Bxf3 14. Bxf3 Nxe3
15. Qxe3 Nc4 16. Qf2 Nxb2 17. O-O O-O 18. Ne4 Nc4 19. Rac1 Na5 20. Rfd1 Nc6 21.
Rc4 Ba5 22. Qg3 Kh8 23. Rd3 f6 24. exf6 gxf6 25. Nf2 Be1 26. Be4 Qe7 27. Qh4
Bxf2+ 28. Qxf2 f5 29. Bxc6 bxc6 30. Qf4 Rad8 31. Qe5+ Qg7 32. Qxe6 Rde8 33.
Qxc6 Re1+ 34. Kf2 Rfe8 35. Rc2 Qe7 36. Qf3 Rf1+ 37. Kg3 Qg5+ 38. Kh3 Rxf3+ 0-1

[Event "Kandidatklassen 2012"]
[Site "Helsingor"]
[Date "2012.04.07"]
[Round "5"]
[White "Hansen, Martin Strandby"]
[Black "Grand, Hans Henrik"]
[Result "1/2-1/2"]
[WhiteElo "2125"]
[BlackElo "2131"]
[PlyCount "50"]
[EventDate "2012.??.??"]
[EventCountry "DEN"]
[SourceDate "2014.05.18"]

1. d4 d5 2. Nf3 c6 3. e3 Bf5 4. Bd3 Bg6 5. O-O Nf6 6. b3 e6 7. Bb2 Nbd7 8. c4
Bd6 9. Nc3 Qc7 10. cxd5 exd5 11. Rc1 Qd8 12. Ne2 Qe7 13. Nf4 Bxd3 14. Nxd3 Ne4
15. Nfe5 O-O 16. Rc2 f6 17. Nxd7 Qxd7 18. Nc5 Qe7 19. Qc1 f5 20. g3 Rae8 21.
Nd3 Ng5 22. Ne5 Bxe5 23. dxe5 Nf3+ 24. Kg2 Nxe5 25. Ba3 Qe6 1/2-1/2

[Event "Kandidatklassen 2012"]
[Site "Helsingor"]
[Date "2012.04.07"]
[Round "5"]
[White "Olsen, Peter Erik"]
[Black "Sorensen, Torben Kyhl"]
[Result "1/2-1/2"]
[WhiteElo "2212"]
[BlackElo "2190"]
[PlyCount "43"]
[EventDate "2012.??.??"]
[EventCountry "DEN"]
[SourceDate "2014.05.18"]

1. Nf3 Nf6 2. g3 g6 3. Bg2 Bg7 4. O-O O-O 5. c4 d5 6. cxd5 Nxd5 7. Nc3 Nxc3 8.
bxc3 c5 9. Qa4 Bd7 10. Qa3 Na6 11. Rb1 Bc6 12. d3 Qc8 13. c4 e5 14. Nh4 Bxg2
15. Nxg2 Qc6 16. Ne3 Nc7 17. Qb3 b6 18. Nd5 Nxd5 19. cxd5 Qd7 20. e4 h5 21. f3
Kh7 22. Kg2 1/2-1/2

[Event "Kandidatklassen 2012"]
[Site "Helsingor"]
[Date "2012.04.08"]
[Round "6"]
[White "Akdag, Dara Sevkan"]
[Black "Mikkelsen, Nikolaj"]
[Result "1-0"]
[WhiteElo "2207"]
[BlackElo "2384"]
[PlyCount "131"]
[EventDate "2012.??.??"]
[EventCountry "DEN"]
[SourceDate "2014.05.18"]

1. c4 e5 2. Nc3 d6 3. g3 f5 4. Bg2 Nf6 5. d3 Be7 6. e3 O-O 7. Nge2 Nc6 8. O-O
Qe8 9. Nd5 Nxd5 10. cxd5 Nb8 11. Qc2 Bd8 12. Bd2 Nd7 13. f4 Nf6 14. Rae1 Kh8
15. e4 fxe4 16. dxe4 c6 17. Nc3 Qh5 18. fxe5 dxe5 19. Kh1 Bb6 20. dxc6 bxc6 21.
Na4 Bh3 22. Bb4 Rfe8 23. Nc5 Rad8 24. Nb7 Rd7 25. Nd6 Red8 26. Nc4 Bxg2+ 27.
Kxg2 Bd4 28. Rf5 Qe8 29. Ba5 Rc8 30. Bc3 Qe6 31. b3 Bxc3 32. Qxc3 Nxe4 33. Qxe5
Qxe5 34. Rxe5 Nf6 35. Re7 Rcd8 36. R7e6 Rc7 37. R1e5 c5 38. Re7 Rxe7 39. Rxe7
Nd7 40. Nd6 Kg8 41. Nf5 g6 42. Nh6+ Kf8 43. Rxh7 a5 44. Rh8+ Ke7 45. Rxd8 Kxd8
46. Ng4 Ke7 47. Ne3 Ke6 48. a4 Ke5 49. Nc4+ Kd4 50. Nxa5 Kc3 51. h4 Kb4 52.
Nc6+ Kxb3 53. a5 c4 54. a6 c3 55. a7 Nb6 56. Nd4+ Kc4 57. Ne2 c2 58. g4 Kd3 59.
Kf3 Kd2 60. h5 Nd7 61. a8=Q Ne5+ 62. Ke4 Kxe2 63. Kxe5 c1=Q 64. Qg2+ Ke3 65.
Qe4+ Kf2 66. Qf4+ 1-0

[Event "Kandidatklassen 2012"]
[Site "Helsingor"]
[Date "2012.04.08"]
[Round "6"]
[White "Matthiesen, Martin"]
[Black "Matthiesen, Arne"]
[Result "0-1"]
[WhiteElo "2291"]
[BlackElo "2333"]
[PlyCount "80"]
[EventDate "2012.??.??"]
[EventCountry "DEN"]
[SourceDate "2014.05.18"]

1. d4 d5 2. c4 c6 3. Nf3 Nf6 4. Nc3 dxc4 5. a4 Bf5 6. e3 e6 7. Bxc4 Bb4 8. O-O
O-O 9. Qe2 Bg4 10. h3 Bxf3 11. Qxf3 Nbd7 12. Rd1 Qa5 13. Ne2 Rad8 14. Ng3 e5
15. Bb3 Rfe8 16. Nf5 exd4 17. exd4 Nd5 18. Bg5 f6 19. Bh6 g6 20. Ne3 N7b6 21.
Qxf6 Rd7 22. Ng4 Rf7 23. Qh4 Nd7 24. Qg3 Kh8 25. Ne3 N7f6 26. Nc4 Nh5 27. Qg4
Qd8 28. Ne5 Rc7 29. Qf3 Bf8 30. Bxf8 Rxf8 31. Qe4 Nhf4 32. Kh2 Qh4 33. Rf1 Qf6
34. g3 Ne6 35. h4 Rd8 36. Rad1 Re7 37. Rde1 Kg7 38. Kg2 Ndf4+ 39. gxf4 Rxd4 40.
Nd7 Rxe4 0-1

[Event "Kandidatklassen 2012"]
[Site "Helsingor"]
[Date "2012.04.08"]
[Round "6"]
[White "Aabling Thomsen, Jakob"]
[Black "Hansen, Mads"]
[Result "1-0"]
[WhiteElo "2312"]
[BlackElo "2273"]
[PlyCount "69"]
[EventDate "2012.??.??"]
[EventCountry "DEN"]
[SourceDate "2014.05.18"]

1. e4 e5 2. Nf3 Nc6 3. Bc4 Bc5 4. c3 Nf6 5. d3 a6 6. Bb3 Ba7 7. O-O d6 8. Nbd2
O-O 9. h3 h6 10. Re1 Re8 11. Nf1 Be6 12. Bc2 d5 13. Bd2 Qe7 14. Ng3 Rad8 15.
Qe2 b5 16. exd5 Bxd5 17. Nh4 Qd7 18. Nhf5 e4 19. Be3 exd3 20. Qxd3 Ne5 21. Qd1
c5 22. Nxg7 Kxg7 23. Bxh6+ Kg8 24. Qd2 Ng6 25. Bg7 Rxe1+ 26. Rxe1 Be6 27. Qh6
Qd2 28. Re3 Nh7 29. Bxg6 fxg6 30. Be5 Rd7 31. Qxg6+ Kf8 32. Qxe6 Rd8 33. Rf3+
Nf6 34. Qxf6+ Kg8 35. Qh8# 1-0

[Event "Kandidatklassen 2012"]
[Site "Helsingor"]
[Date "2012.04.08"]
[Round "6"]
[White "Christensen, Stefan"]
[Black "Ochsner, Bjorn Moller"]
[Result "1-0"]
[WhiteElo "2286"]
[BlackElo "2266"]
[PlyCount "123"]
[EventDate "2012.??.??"]
[EventCountry "DEN"]
[SourceDate "2014.05.18"]

1. e4 c5 2. c3 Nf6 3. e5 Nd5 4. d4 cxd4 5. Nf3 e6 6. cxd4 d6 7. Bc4 Nc6 8. O-O
Be7 9. a3 O-O 10. Re1 Bd7 11. Qd3 Rc8 12. Bd2 a6 13. Nc3 Nxc3 14. Bxc3 Na5 15.
Bxa5 Qxa5 16. d5 exd5 17. Bxd5 Bc6 18. exd6 Qxd5 19. Qxd5 Bxd5 20. Rxe7 Rcd8
21. d7 f6 22. Rc1 Bc6 23. Nd4 Bxd7 24. Rc7 Rfe8 25. Rcxd7 Rxd7 26. Rxe8+ Kf7
27. Re4 f5 28. Rh4 h5 29. Rf4 g5 30. Rxf5+ Kg6 31. h4 Rxd4 32. Rxg5+ Kh6 33. g3
Rd2 34. b4 Rd3 35. Ra5 Rb3 36. Kg2 Kg6 37. Rg5+ Kh6 38. Re5 Rxa3 39. Re6+ Kg7
40. Re7+ Kg6 41. Rxb7 Rb3 42. Rb6+ Kg7 43. Rxa6 Rxb4 44. Ra5 Kh6 45. Re5 Rb2
46. Kf3 Ra2 47. Ke3 Ra4 48. f3 Rb4 49. Re4 Rb2 50. g4 Rh2 51. g5+ Kg6 52. Rf4
Kg7 53. Ke4 Ra2 54. Rf6 Ra4+ 55. Kf5 Rxh4 56. f4 Rh1 57. Ra6 h4 58. Ra7+ Kg8
59. Kf6 Rb1 60. Ra8+ Kh7 61. g6+ Kh6 62. Rh8# 1-0

[Event "Kandidatklassen 2012"]
[Site "Helsingor"]
[Date "2012.04.08"]
[Round "6"]
[White "Nilssen, John Arni"]
[Black "Jepsen, Thomas Tange"]
[Result "1-0"]
[WhiteElo "2378"]
[BlackElo "2093"]
[PlyCount "75"]
[EventDate "2012.??.??"]
[EventCountry "DEN"]
[SourceDate "2014.05.18"]

1. d4 Nf6 2. c4 g6 3. Nc3 Bg7 4. e4 d6 5. Be2 O-O 6. Bg5 c6 7. Qd2 Re8 8. f4
Qb6 9. e5 Nfd7 10. Bh4 Nf8 11. Nf3 Bg4 12. Bf2 Qc7 13. O-O Nbd7 14. h3 Bxf3 15.
Bxf3 f6 16. exd6 exd6 17. f5 Nb6 18. Qd3 Rad8 19. Bg3 Qf7 20. b3 d5 21. c5 Nc8
22. Bg4 Bh6 23. fxg6 hxg6 24. Be5 f5 25. Bxf5 gxf5 26. Rxf5 Qh7 27. Qg3+ Ng6
28. Rf6 Nce7 29. Qg4 Bg7 30. Raf1 Nxe5 31. dxe5 Kh8 32. Ne2 Bxf6 33. exf6 Ng6
34. f7 Re4 35. Qg5 Rf8 36. Rf6 Rxf7 37. Rxg6 Rxe2 38. Qd8+ 1-0

[Event "Kandidatklassen 2012"]
[Site "Helsingor"]
[Date "2012.04.08"]
[Round "6"]
[White "Stojanovski, Sandi"]
[Black "Jensen, Bjarke"]
[Result "0-1"]
[WhiteElo "2174"]
[BlackElo "2285"]
[PlyCount "84"]
[EventDate "2012.??.??"]
[EventCountry "DEN"]
[SourceDate "2014.05.18"]

1. Nf3 Nf6 2. c4 c6 3. e3 d5 4. b3 Bg4 5. Be2 e6 6. O-O Nbd7 7. Bb2 Bd6 8. d3
Qe7 9. Nbd2 O-O 10. Qc2 h6 11. e4 e5 12. cxd5 cxd5 13. Rfc1 Rfe8 14. a3 Rad8
15. Nf1 d4 16. Nh4 Bxe2 17. Nf5 Qe6 18. Qxe2 Bf8 19. Nd2 g6 20. Ng3 Nc5 21. b4
Na4 22. Nf3 Rc8 23. Rxc8 Rxc8 24. Rc1 Rxc1+ 25. Bxc1 Qc6 26. Qd2 Nd7 27. Ne2 a5
28. Ne1 axb4 29. axb4 Nc3 30. Nc2 Bxb4 31. Nexd4 exd4 32. Nxb4 Qa4 33. Nc2 Nc5
34. Ba3 Nb1 35. Qc1 Nxa3 36. Nxa3 Nxd3 37. Qc8+ Kg7 38. Nc2 Nb4 39. Qc4 Qxc2
40. Qxd4+ Kg8 41. Qd8+ Kh7 42. g3 Qb1+ 0-1

[Event "Kandidatklassen 2012"]
[Site "Helsingor"]
[Date "2012.04.08"]
[Round "6"]
[White "Hartvig, Ove Weiss"]
[Black "Schou Moldt, Thomas"]
[Result "0-1"]
[WhiteElo "2215"]
[BlackElo "2190"]
[PlyCount "64"]
[EventDate "2012.??.??"]
[EventCountry "DEN"]
[SourceDate "2014.05.18"]

1. c4 d6 2. g3 g6 3. Bg2 Bg7 4. Nc3 Nf6 5. e4 O-O 6. Nge2 c5 7. O-O Nc6 8. d3
Bg4 9. h3 Bxe2 10. Nxe2 Rb8 11. a4 Ne8 12. f4 a6 13. Nc3 Nc7 14. a5 Ne6 15. f5
Ned4 16. Bg5 h6 17. Bd2 e6 18. fxg6 fxg6 19. Rxf8+ Qxf8 20. Ne2 g5 21. Rb1 b6
22. axb6 Rxb6 23. Kh1 Qf7 24. Nxd4 Bxd4 25. h4 Ne5 26. Bc3 Bxc3 27. bxc3 Ng4
28. Qg1 Rxb1 29. Qxb1 gxh4 30. e5 Nxe5 31. Be4 hxg3 32. Qb8+ Kg7 0-1

[Event "Kandidatklassen 2012"]
[Site "Helsingor"]
[Date "2012.04.08"]
[Round "6"]
[White "Jorgensen, Michael Brunsgaard"]
[Black "Olsen, Peter Erik"]
[Result "1-0"]
[WhiteElo "2294"]
[BlackElo "2212"]
[PlyCount "95"]
[EventDate "2012.??.??"]
[EventCountry "DEN"]
[SourceDate "2014.05.18"]

1. d4 Nf6 2. c4 c5 3. d5 b5 4. cxb5 a6 5. bxa6 g6 6. Nc3 Bxa6 7. g3 d6 8. Nf3
Bg7 9. Bg2 Nbd7 10. Rb1 Nb6 11. b3 Bc8 12. Nh4 h6 13. Qc2 Qd7 14. O-O g5 15.
Nf3 Qf5 16. e4 Qg6 17. Bb2 O-O 18. Rfc1 Nfxd5 19. exd5 Bf5 20. Qd2 Bxb1 21.
Nxb1 Rxa2 22. Nc3 Bxc3 23. Qxc3 Qf6 24. Qxf6 exf6 25. Rb1 Rb8 26. Nd2 Nd7 27.
Bf1 Ne5 28. Bxe5 fxe5 29. Ne4 Rb6 30. g4 Kf8 31. Bc4 Ke7 32. Kg2 Rb8 33. Re1
Kd7 34. Re3 Ke7 35. Ng3 Rh8 36. Nf5+ Kd7 37. b4 Rc2 38. Bb5+ Kc7 39. bxc5 Rxc5
40. Bc6 Ra5 41. Rb3 Ra7 42. Rc3 h5 43. Bb5+ Kb6 44. Be2 hxg4 45. Rc6+ Ka5 46.
Bxg4 Kb4 47. Nxd6 Ra5 48. Nxf7 1-0

[Event "Kandidatklassen 2012"]
[Site "Helsingor"]
[Date "2012.04.08"]
[Round "6"]
[White "Grand, Hans Henrik"]
[Black "Thuesen, Mogens Henrik"]
[Result "1/2-1/2"]
[WhiteElo "2131"]
[BlackElo "2186"]
[PlyCount "51"]
[EventDate "2012.??.??"]
[EventCountry "DEN"]
[SourceDate "2014.05.18"]

1. c4 f5 2. g3 Nf6 3. Bg2 g6 4. Nc3 Bg7 5. d3 O-O 6. e4 d6 7. Nge2 Nc6 8. O-O
e5 9. Nd5 h6 10. f4 fxe4 11. dxe4 Bg4 12. h3 Bxe2 13. Qxe2 Nd4 14. Qd3 Nd7 15.
Be3 c6 16. Nc3 Nc5 17. Qd2 Kh7 18. g4 a5 19. f5 Qb6 20. Rad1 a4 21. Ne2 Nxe2+
22. Qxe2 Rad8 23. Rd2 Bf6 24. Rfd1 Qc7 25. Qf2 Bg5 26. Bxg5 1/2-1/2

[Event "Kandidatklassen 2012"]
[Site "Helsingor"]
[Date "2012.04.08"]
[Round "6"]
[White "Christensen, Janus"]
[Black "Hansen, Martin Strandby"]
[Result "0-1"]
[WhiteElo "2174"]
[BlackElo "2125"]
[PlyCount "78"]
[EventDate "2012.??.??"]
[EventCountry "DEN"]
[SourceDate "2014.05.18"]

1. e4 d6 2. d4 Nf6 3. Nc3 e5 4. Nf3 Nbd7 5. Bc4 Be7 6. Bg5 c6 7. dxe5 dxe5 8.
Qe2 O-O 9. Rd1 Qc7 10. O-O b5 11. Bb3 a5 12. a4 b4 13. Nb1 Ba6 14. Bc4 Bxc4 15.
Qxc4 Nb6 16. Qb3 c5 17. Nfd2 c4 18. Qa2 Qc6 19. Be3 Nfd7 20. Rfe1 Rfd8 21. b3
c3 22. Nc4 Nxc4 23. bxc4 Bc5 24. Rd5 Bxe3 25. fxe3 Nb6 26. Rxe5 Qxc4 27. Qxc4
Nxc4 28. Re7 Nb2 29. Rf1 Rd1 30. Rexf7 Rad8 31. Ra7 Rxf1+ 32. Kxf1 Rd1+ 33. Ke2
Rxb1 34. e5 Rc1 35. e6 Kf8 36. Kf3 Rxc2 37. Ke4 Rd2 38. Kf5 Rd5+ 39. Ke4 Rc5
0-1